000 00456nam a2200169Ia 4500
008 090201s9999 xx 000 0 und d
010 _aKPL-14028
040 _bइंग्रजी
041 _aइंग्रजी
082 _a5257
_b14028
100 _ahoward sackler
245 _athe great white hope
_choward sackler
260 _c1973
_bfaber and faber
300 _a133
_bमोठा
600 _athe great white hope
942 _cBOOK
999 _c206213
_d206213